निरंतर ध्यास. (Record no. 274857)

MARC details
000 -LEADER
fixed length control field 00706nam a2200181Ia 4500
008 - FIXED-LENGTH DATA ELEMENTS--GENERAL INFORMATION
fixed length control field 090630s9999 xx 000 0 und d
082 ## - DEWEY DECIMAL CLASSIFICATION NUMBER
Item number 23001
100 ## - MAIN ENTRY--PERSONAL NAME
Personal name सोहराब फिरोजशहा गोदरेज.
245 ## - TITLE STATEMENT
Title निरंतर ध्यास.
Statement of responsibility, etc सोहराब फिरोजशहा गोदरेज.
260 ## - PUBLICATION, DISTRIBUTION, ETC. (IMPRINT)
Name of publisher, distributor, etc अमेय.
Date of publication, distribution, etc 2002
300 ## - PHYSICAL DESCRIPTION
Extent 402
600 ## - SUBJECT ADDED ENTRY--PERSONAL NAME
Personal name सोहराब फिरोजशहा गोदरेज.
630 ## - SUBJECT ADDED ENTRY--UNIFORM TITLE
Uniform title निरंतर ध्यास.
655 ## - INDEX TERM--GENRE/FORM
Genre/form data or focus term चरित्र.
700 ## - ADDED ENTRY--PERSONAL NAME
Personal name सोहराब फिरोजशहा गोदरेज.
730 ## - ADDED ENTRY--UNIFORM TITLE
Uniform title निरंतर ध्यास.
942 ## - ADDED ENTRY ELEMENTS (KOHA)
Koha item type Book
Holdings
Withdrawn status Lost status Damaged status Not for loan Home library Current library Date acquired Cost, normal purchase price Total Checkouts Full call number Barcode Date last seen Cost, replacement price Price effective from Koha item type
        Sarvajanik Wachanalaya Shrivardhan Sarvajanik Wachanalaya Shrivardhan   495.00   23001 SAWASHRI-23001 06/30/2009 495.00 06/30/2009 Book